| 000 | 00441cam a22001457a 4500 | ||
|---|---|---|---|
| 008 | 180718b1976 xxu||||| |||| 00| 0 eng d | ||
| 082 | _aF83x5413 Sa14 | ||
| 100 | _aSachchidanda | ||
| 245 |
_aTribal voter in Bihar _cby Sachchidanda |
||
| 260 |
_aDelhi _bNational _c1976 |
||
| 300 | _a127p. | ||
| 650 | _aPolitical participation --India --Bihar (State) | ||
| 650 | _aTribes --India --Bihar (State) | ||
| 650 | _aVoting --India --Bihar (State) | ||
| 999 |
_c353121 _d353121 |
||